00462nam a22001577a 450000500170000001000470001702000260006403500330009003700170012308200120014010000140015224500360016626000390020227000430024130000200028420190624125503.0 a1718EN-30 B-688528-533 ENG-125729 c300.00a9789351866473 aB-688528-533 EN-109261 bPrabhatadpl a330.954 aBhalla, D aFuture of India /cby D. Bhalla aNew DelhibPrabhat Prakashanc2016 bNew Delhia4/19 Asaf Ali Road,e110002 a176p.c21cm(hb)